000 00683nam a2200253 i 4500
001 C2-0296706
003 PPAK
005 20180728075033.0
008 090426s2008 my |||| ||||| | may d
020 _a9789833686346
040 _aPPAK
_beng
_cPPAK
_erda
082 0 4 _a899.233
_223
090 0 0 _a899.233
_bEZR
_dG
100 0 _aEzra Elfizza,
_eauthor
245 1 0 _aJauh di sudut hati
264 1 _aNilai, Negeri Sembilan :
_bNylea Publishing ,
_c2008
300 _a420 pages ;
_c19 cm
336 _2rdacontent
_atext
337 _2rdamedia
_aunmediated
338 _2rdacarrier
_avolume
650 1 0 _aMalay fiction.
700 0 _aNylea Qaisara,
_eeditor
942 _ddc
_cB
999 _c101142
_d101142